PR-SOF-1756-DUAL STAGE HIGH FREQUENCY CASCADED H-BRIDGE MULTI-LEVEL INVERTER (Record no. 577890)

000 -LEADER
fixed length control field 00410nam a22001217a 4500
082 ## - DEWEY DECIMAL CLASSIFICATION NUMBER
Classification number 220 PRO
100 ## - MAIN ENTRY--PERSONAL NAME
Personal name NC Ahmad Mujtaba NC Muhammad Amir Hamza
9 (RLIN) 71290
245 ## - TITLE STATEMENT
Title PR-SOF-1756-DUAL STAGE HIGH FREQUENCY CASCADED H-BRIDGE MULTI-LEVEL INVERTER
260 ## - PUBLICATION, DISTRIBUTION, ETC.
Place of publication, distribution, etc. ISLAMABAD
Name of publisher, distributor, etc. NUST COLLEGE OF EME
Date of publication, distribution, etc. 2018
650 ## - SUBJECT ADDED ENTRY--TOPICAL TERM
Topical term or geographic name entry element DE-ELECT-36 DECLASS
9 (RLIN) 71291
700 ## - ADDED ENTRY--PERSONAL NAME
Personal name PROJECT SUPERVISOR DR. USMAN ALI
9 (RLIN) 71292
942 ## - ADDED ENTRY ELEMENTS (KOHA)
Koha item type Continuing Resources
Holdings
Withdrawn status Lost status Damaged status Not for loan Permanent Location Current Location Shelving location Date acquired Total Checkouts Full call number Barcode Date last seen Price effective from Koha item type
        College of Electrical & Mechanical Engineering (CEME) College of Electrical & Mechanical Engineering (CEME) Reference 12/05/2019   220 PRO PR-SOF-1756 06/28/2021 06/28/2021 Continuing Resources
© 2023 Central Library, National University of Sciences and Technology. All Rights Reserved.